Technical dictionary. Printing Technology: (Record no. 6297)

MARC details
000 -LEADER
fixed length control field 00859nac a22002171u 4500
082 ## - DEWEY DECIMAL CLASSIFICATION NUMBER
Classification number 603
Item number SHA
090 ## - LOCALLY ASSIGNED LC-TYPE CALL NUMBER (OCLC); LOCAL CALL NUMBER (OCLC)
-- 6297
-- 6297
100 ## - MAIN ENTRY--PERSONAL NAME
Personal name Shawki, Ismail
245 ## - TITLE STATEMENT
Title Technical dictionary. Printing Technology:
Remainder of title English-French-German-Arabic/
Statement of responsibility, etc Compiled and defined by Ismail Shawki, Ali Mahmoud Rashwan; Revised and Edited by Anwar Abd El Wahed
260 ## - PUBLICATION, DISTRIBUTION, ETC. (IMPRINT)
Place of publication, distribution, etc Leipzig; Cairo:
Name of publisher, distributor, etc Al-Ahram,1981
Date of publication, distribution, etc 1981
300 ## - PHYSICAL DESCRIPTION
Extent 292, 127 p.:
Other physical details ill.;
Dimensions 23 cm.
440 ## -
-- Al Maajim Al Tiknolozhiyah Al Takhassusiyah
500 ## - GENERAL NOTE
General note distriuter: Al-Ahram
511 ## - PARTICIPANT OR PERFORMER NOTE
Participant or performer note catalogued by: wessam
650 ## - SUBJECT ADDED ENTRY--TOPICAL TERM
Topical term or geographic name as entry element Technolgoy
Form subdivision Dictionaries Arabic
650 ## - SUBJECT ADDED ENTRY--TOPICAL TERM
Topical term or geographic name as entry element Technology
Form subdivision Dictionaries German
650 ## - SUBJECT ADDED ENTRY--TOPICAL TERM
Topical term or geographic name as entry element Technology
Form subdivision Dictionaries French
700 ## - ADDED ENTRY--PERSONAL NAME
Personal name Rashwan, Ali Mahmoud
700 ## - ADDED ENTRY--PERSONAL NAME
Personal name Abd El Wahed, Anwar Mahmoud
942 ## - ADDED ENTRY ELEMENTS (KOHA)
Item type NB - Book (Non borrowing)
Call number prefix 603SHA
Holdings
Withdrawn status Item status Damaged status Not for loan Home library Current library Shelving location Date acquired Source of acquisition Total Checkouts Full call number Barcode Date last seen Koha item type
        Central Library Central Library First floor 20/11/2007 Purchase   603SHA 000007311 15/07/2025 NB - Book (Non borrowing)